[Event "GER-ch U18"]
[Site "Willingen"]
[Date "2016.05.15"]
[Round "1"]
[White "Bugdahl, Felix"]
[Black "Borchert, Rene"]
[Result "0-1"]
[WhiteElo "1826"]
[BlackElo "2174"]
[PlyCount "86"]
[EventDate "2016.05.15"]
[EventType "swiss"]
[EventRounds "9"]
[EventCountry "GER"]
[SourceTitle "CBM 172 Extra"]
[Source "ChessBase"]
[SourceDate "2016.06.21"]
[SourceVersion "1"]
[SourceVersionDate "2016.06.21"]
[SourceQuality "1"]

1. e4 e5 2. f4 Bc5 3. Nf3 d6 4. Nc3 Nf6 5. Bc4 Nc6 6. d3 a6 7. Ng5 0-0 8. Nd5 h6 9. Nf3 Bg4 10. h3 Bxf3 11. Qxf3 Nd4 12. Qg3 Nxd5 13. Bxd5 Nxc2+ 14. Kd1 Nxa1 15. fxe5 Kh7 16. Rf1 f6 17. Be6 fxe5 18. Rxf8 Qxf8 19. Bf5+ Kg8 20. Bxh6 Qf7 21. Qg4 Re8 22. Bd2 Bd4 23. Qh4 g6 24. Qg4 Kg7 25. Qg5 Rh8 26. Bxg6 Qxg6 27. Qe7+ Qf7 28. Qg5+ Kh7 29. Qh4+ Kg8 30. Qg5+ Qg7 31. Qd8+ Kh7 32. Qh4+ Kg6 33. Qg4+ Kf7 34. Qf5+ Qf6 35. Qd7+ Qe7 36. Qf5+ Kg7 37. Qg4+ Kf8 38. Qf5+ Qf7 39. Qc8+ Kg7 40. Qg4+ Qg6 41. Bg5 Rf8 42. h4 Be3 43. Qd7+ Rf7 0-1

[Event "Dortmund Sparkassen op-A"]
[Site "Dortmund"]
[Date "2015.07.01"]
[Round "5"]
[White "Borchert, Rene"]
[Black "Kramer, Julian"]
[Result "0-1"]
[WhiteElo "1979"]
[BlackElo "2339"]
[PlyCount "80"]
[EventDate "2015.06.27"]
[EventType "swiss"]
[EventRounds "9"]
[EventCountry "GER"]
[SourceTitle "CBM 167 Extra"]
[Source "ChessBase"]
[SourceDate "2015.09.14"]
[SourceVersion "1"]
[SourceVersionDate "2015.09.14"]
[SourceQuality "1"]

1. e4 c5 2. c3 Nf6 3. e5 Nd5 4. Nf3 Nc6 5. d4 cxd4 6. cxd4 d6 7. Bc4 Nb6 8. Bb5 Bd7 9. exd6 e6 10. Nc3 Bxd6 11. 0-0 Nb4 12. Bg5 Qc7 13. Bxd7+ Qxd7 14. Ne5 Bxe5 15. dxe5 Qxd1 16. Rfxd1 N6d5 17. Nxd5 Nxd5 18. Rac1 Kd7 19. f3 Rhc8 20. Kf2 b6 21. Ke2 h6 22. Be3 Rc6 23. Rxc6 Kxc6 24. a4 Kb7 25. Rc1 Rd8 26. g4 Nb4 27. f4 Rd3 28. Rc3 Rxc3 29. bxc3 Nd5 30. Bd2 Ne7 31. Kd3 g6 32. h3 h5 33. Kd4 hxg4 34. hxg4 Nc6+ 35. Kc4 Na5+ 36. Kd3 Nb3 37. Be3 Kc6 38. Kc4 Na5+ 39. Kd3 Kd5 40. Bf2 Nc4 0-1

[Event "Dortmund Sparkassen op-A"]
[Site "Dortmund"]
[Date "2015.06.27"]
[Round "1"]
[White "Lehmann, Holger"]
[Black "Borchert, Rene"]
[Result "1/2-1/2"]
[WhiteElo "2180"]
[BlackElo "1979"]
[PlyCount "67"]
[EventDate "2015.06.27"]
[EventType "swiss"]
[EventRounds "9"]
[EventCountry "GER"]
[SourceTitle "CBM 167 Extra"]
[Source "ChessBase"]
[SourceDate "2015.09.14"]
[SourceVersion "1"]
[SourceVersionDate "2015.09.14"]
[SourceQuality "1"]

1. c4 e5 2. g3 Nf6 3. Bg2 c6 4. d4 exd4 5. Qxd4 d5 6. Nc3 dxc4 7. Qxc4 Be6 8. Qa4 Nbd7 9. Nf3 Bc5 10. 0-0 0-0 11. Qc2 h6 12. Na4 Bb6 13. Bf4 Qe7 14. e4 Nc5 15. Nxb6 axb6 16. Nd4 Rfd8 17. Nxe6 Nxe6 18. Be3 Nd4 19. Qb1 c5 20. h3 Rd7 21. Kh2 Rad8 22. Re1 b5 23. b3 b6 24. Qb2 Nc6 25. Qe2 Nb4 26. Qxb5 Nc2 27. Rac1 Nxe1 28. Rxe1 Qe6 29. b4 cxb4 30. Qxb4 Qxa2 31. Qxb6 Qe6 32. Qb4 Rd1 33. Re2 Nd7 34. Qa4 1/2-1/2

[Event "GER-ch U25 op-A"]
[Site "Willingen"]
[Date "2015.05.26"]
[Round "4"]
[White "Terhuven, Patrick"]
[Black "Borchert, Rene"]
[Result "1/2-1/2"]
[WhiteElo "1873"]
[BlackElo "2028"]
[PlyCount "62"]
[EventDate "2015.05.24"]
[EventType "swiss"]
[EventRounds "9"]
[EventCountry "GER"]
[SourceTitle "CBM 166 Extra"]
[Source "ChessBase"]
[SourceDate "2015.06.18"]
[SourceVersion "1"]
[SourceVersionDate "2015.06.18"]
[SourceQuality "1"]

1. d4 d5 2. Nf3 c6 3. c4 e6 4. g3 Nf6 5. Bg2 Nbd7 6. b3 Be7 7. 0-0 0-0 8. Qc2 b6 9. Rd1 Bb7 10. Nc3 Rc8 11. e4 dxe4 12. Nxe4 c5 13. Nxf6+ Bxf6 14. Ng5 Bxg5 15. Bxb7 Rc7 16. dxc5 Bxc1 17. Raxc1 bxc5 18. Bg2 Qe7 19. Qd2 Nb6 20. Qd6 Qxd6 21. Rxd6 Rfc8 22. Rcd1 Kf8 23. f4 Ke7 24. Kf2 Rd7 25. Rxd7+ Nxd7 26. Ke3 Nf6 27. Bf3 Rd8 28. Rxd8 Kxd8 29. Kd3 Kc7 30. Kc3 Kb6 31. a3 Nd7 1/2-1/2

[Event "GER-ch U25 op-A"]
[Site "Willingen"]
[Date "2015.05.25"]
[Round "3"]
[White "Borchert, Rene"]
[Black "Hesse, Henrik"]
[Result "1-0"]
[WhiteElo "2028"]
[BlackElo "1839"]
[PlyCount "63"]
[EventDate "2015.05.24"]
[EventType "swiss"]
[EventRounds "9"]
[EventCountry "GER"]
[SourceTitle "CBM 166 Extra"]
[Source "ChessBase"]
[SourceDate "2015.06.18"]
[SourceVersion "1"]
[SourceVersionDate "2015.06.18"]
[SourceQuality "1"]

1. e4 e5 2. Nf3 Nf6 3. Nxe5 d6 4. Nf3 Nxe4 5. Nc3 Nxc3 6. dxc3 Be7 7. Be3 Nc6 8. Qd2 Be6 9. Be2 Qd7 10. 0-0-0 0-0-0 11. Nd4 Nxd4 12. Qxd4 c5 13. Qxg7 Rdg8 14. Qh6 Qa4 15. a3 Rxg2 16. Rhg1 Qe4 17. Rxg2 Qxg2 18. Qf4 Rg8 19. Bh5 Qg7 20. Kb1 d5 21. Qa4 a6 22. Bf4 Qf6 23. Bg3 Bd7 24. Qa5 Qc6 25. c4 Be6 26. cxd5 Bxd5 27. Rxd5 Rxg3 28. Rd1 Rg5 29. Bxf7 Rf5 30. Bg8 Rxf2 31. Qc3 Qf6 32. Qg3 1-0